[Event "DSJ Weihnachtsturnier U20 2020"]
[Site "https://play.chessbase.com/en/play?room=DSJWeihnachtU20"]
[Date "2020.12.29"]
[Round "1"]
[White "Aumüller, Naum"]
[Black "Biedenbach, Daniel"]
[Result "0-1"]
[Termination "normal"]
[Board "10.4"]
[WhiteElo "1622"]
[BlackElo "1610"]
[WhiteTeam "SC Bavaria Regensburg von 1881"]
[BlackTeam "VfL Leipheim 1898"]
[PlyCount "96"]
[WhiteFideId "16263960"]
[BlackFideId "16281489"]
[EventRounds "7"]
[EventType "team-swiss"]
[EventDate "2020.12.29"]

1. d4 {[%emt 0:00:15]} Nf6 {[%emt 0:00:03]} 2. c4 {[%emt 0:00:02]} g6 {[%emt
0:00:02]} 3. Nc3 {[%emt 0:00:01]} Bg7 {[%emt 0:00:02]} 4. Nf3 {[%emt 0:00:01]}
O-O {[%emt 0:00:04]} 5. e4 {[%emt 0:00:01]} d6 {[%emt 0:00:02]} 6. Be2 { [%emt
0:00:15]} Nc6 {[%emt 0:00:04]} 7. d5 {[%emt 0:00:02]} Nb4 {[%emt 0:00:12] } 8.
a3 {[%emt 0:00:09]} Na6 {[%emt 0:00:04]} 9. b4 {[%emt 0:00:02]} c6 { [%emt
0:00:49]} 10. Bd2 {[%emt 0:00:29]} Nc7 {[%emt 0:00:12]} 11. O-O {[%emt
0:00:04]} Nd7 {[%emt 0:00:33]} 12. Rc1 {[%emt 0:00:04]} Ne5 {[%emt 0:00:58]}
13. Nxe5 {[%emt 0:00:10]} Bxe5 {[%emt 0:00:04]} 14. f4 {[%emt 0:00:11]} Bd4+ {
[%emt 0:00:03]} 15. Kh1 {[%emt 0:00:03]} f5 {[%emt 0:00:48]} 16. dxc6 {[%emt
0:00:30]} bxc6 {[%emt 0:00:17]} 17. Bf3 {[%emt 0:00:05]} Qe8 {[%emt 0:01:14]}
18. a4 {[%emt 0:00:25]} Rb8 {[%emt 0:00:32]} 19. b5 {[%emt 0:00:04]} cxb5
{[%emt 0:00:37]} 20. Nxb5 {[%emt 0:00:08]} Nxb5 {[%emt 0:00:06]} 21. cxb5
{[%emt 0:00:07]} a6 {[%emt 0:00:37]} 22. exf5 {[%emt 0:00:28]} Rxf5 {[%emt
0:00:22]} 23. Bc6 {[%emt 0:00:08]} Qd8 {[%emt 0:00:22]} 24. Qc2 {[%emt
0:00:23]} Rc5 { [%emt 0:00:18]} 25. Qc3 {[%emt 0:00:34]} Bxc3 {[%emt 0:00:19]}
26. Bxc3 { [%emt 0:00:10]} axb5 {[%emt 0:00:30]} 27. axb5 {[%emt 0:00:02]} Bd7
{[%emt 0:00:02]} 28. Bd4 {[%emt 0:00:09]} Rxc1 {[%emt 0:00:45]} 29. Rxc1 {[%emt
0:00:00] } Bxc6 {[%emt 0:00:01]} 30. bxc6 {[%emt 0:00:01]} Qc7 {[%emt 0:00:03]}
31. h3 { [%emt 0:00:05]} Ra8 {[%emt 0:00:10]} 32. f5 {[%emt 0:00:15]} gxf5
{[%emt 0:00:07]} 33. Rf1 {[%emt 0:00:00]} Qxc6 {[%emt 0:00:05]} 34. Rxf5 {[%emt
0:00:06]} e5 {[%emt 0:00:01]} 35. Be3 {[%emt 0:00:06]} Qe4 {[%emt 0:00:08]} 36.
Rf3 { [%emt 0:00:01]} d5 {[%emt 0:00:06]} 37. Bg1 {[%emt 0:00:03]} d4 {[%emt
0:00:02] } 38. Rg3+ {[%emt 0:00:01]} Kh8 {[%emt 0:00:02]} 39. Rg4 {[%emt
0:00:05]} Qe1 { [%emt 0:00:04]} 40. Kh2 {[%emt 0:00:05]} Ra1 {[%emt 0:00:03]}
41. Bxd4 { [%emt 0:00:16]} exd4 {[%emt 0:00:04]} 42. h4 {[%emt 0:00:05]} Qh1+
{[%emt 0:00:02]} 43. Kg3 {[%emt 0:00:01]} Qe1+ {[%emt 0:00:01]} 44. Kh3 {[%emt
0:00:01]} Ra3+ {[%emt 0:00:02]} 45. Kh2 {[%emt 0:00:02]} Qe5+ {[%emt 0:00:02]}
46. g3 { [%emt 0:00:13]} Qe2+ {[%emt 0:00:02]} 47. Kh3 {[%emt 0:00:01]} Qf1+
{[%emt 0:00:02]} 48. Kh2 {[%emt 0:00:01]} Ra2# {[%emt 0:00:01]} 0-1

[Event "DSJ Weihnachtsturnier U20 2020"]
[Site "https://play.chessbase.com/en/play?room=DSJWeihnachtU20"]
[Date "2020.12.29"]
[Round "1"]
[White "Krastev, Alexander"]
[Black "Schulz, Jannis"]
[Result "1/2-1/2"]
[Termination "normal"]
[Board "11.1"]
[WhiteTitle "FM"]
[WhiteElo "2367"]
[BlackElo "1786"]
[WhiteTeam "Schachgesellschaft Solingen"]
[BlackTeam "Barnimer Schachfreunde im SV Stahl Finow"]
[PlyCount "136"]
[WhiteFideId "12989983"]
[BlackFideId "16224710"]
[EventRounds "7"]
[EventType "team-swiss"]
[EventDate "2020.12.29"]

1. e4 {[%emt 0:00:02]} c6 {[%emt 0:00:02]} 2. d4 {[%emt 0:00:01]} d5 {[%emt
0:00:02]} 3. Nc3 {[%emt 0:00:00]} dxe4 {[%emt 0:00:01]} 4. Nxe4 {[%emt
0:00:00]} Bf5 {[%emt 0:00:02]} 5. Ng3 {[%emt 0:00:01]} Bg6 {[%emt 0:00:02]} 6.
Nf3 { [%emt 0:00:00]} Nd7 {[%emt 0:00:02]} 7. h4 {[%emt 0:00:01]} h6 {[%emt
0:00:01]} 8. h5 {[%emt 0:00:01]} Bh7 {[%emt 0:00:01]} 9. Bd3 {[%emt 0:00:01]}
Bxd3 { [%emt 0:00:02]} 10. Qxd3 {[%emt 0:00:00]} e6 {[%emt 0:00:09]} 11. Bd2
{[%emt 0:00:02]} Ngf6 {[%emt 0:00:02]} 12. O-O-O {[%emt 0:00:03]} Qc7 {[%emt
0:00:01]} 13. Kb1 {[%emt 0:00:08]} Bd6 {[%emt 0:00:10]} 14. Ne4 {[%emt
0:00:01]} Nxe4 { [%emt 0:00:01]} 15. Qxe4 {[%emt 0:00:00]} Nf6 {[%emt 0:00:00]}
16. Qe2 { [%emt 0:00:01]} O-O-O {[%emt 0:00:01]} 17. g3 {[%emt 0:00:41]} Rhe8
{[%emt 0:00:55]} 18. c4 {[%emt 0:00:17]} c5 {[%emt 0:00:06]} 19. Bc3 {[%emt
0:00:12]} cxd4 {[%emt 0:00:50]} 20. Nxd4 {[%emt 0:00:00]} a6 {[%emt 0:00:22]}
21. Nb3 { [%emt 0:00:42]} Be7 {[%emt 0:01:21]} 22. Rc1 {[%emt 0:02:30]} Qc6
{[%emt 0:01:03]} 23. f3 {[%emt 0:00:05]} Kb8 {[%emt 0:00:48]} 24. g4 {[%emt
0:00:16]} Rc8 { [%emt 0:00:34]} 25. Rhd1 {[%emt 0:00:35]} Ka8 {[%emt 0:00:25]}
26. Be5 { [%emt 0:00:20]} Red8 {[%emt 0:00:14]} 27. Rxd8 {[%emt 0:00:31]} Rxd8
{[%emt 0:00:05]} 28. c5 {[%emt 0:00:54]} Qd5 {[%emt 0:00:27]} 29. c6 {[%emt
0:00:15]} Rc8 {[%emt 0:00:43]} 30. cxb7+ {[%emt 0:00:29]} Qxb7 {[%emt 0:00:03]}
31. Rxc8+ {[%emt 0:00:10]} Qxc8 {[%emt 0:00:03]} 32. Nd4 {[%emt 0:00:39]} Kb7
{[%emt 0:00:25]} 33. Qd3 {[%emt 0:00:21]} Qc5 {[%emt 0:00:18]} 34. f4 {[%emt
0:00:30]} Qd5 {[%emt 0:01:24]} 35. Qf3 {[%emt 0:00:45]} Qxf3 {[%emt 0:00:02]}
36. Nxf3 { [%emt 0:00:00]} Nxg4 {[%emt 0:00:03]} 37. Bxg7 {[%emt 0:00:01]} Bf6
{[%emt 0:00:00]} 38. Bf8 {[%emt 0:00:03]} Kc6 {[%emt 0:00:02]} 39. Kc2 {[%emt
0:00:06]} Kd7 {[%emt 0:00:05]} 40. b4 {[%emt 0:00:09]} Be7 {[%emt 0:00:01]} 41.
Bxe7 { [%emt 0:00:08]} Kxe7 {[%emt 0:00:00]} 42. Ne5 {[%emt 0:00:15]} Nf6
{[%emt 0:00:03]} 43. Nc6+ {[%emt 0:00:02]} Kd6 {[%emt 0:00:01]} 44. Nb8 {[%emt
0:00:01]} Nxh5 {[%emt 0:00:02]} 45. Nxa6 {[%emt 0:00:01]} Nxf4 {[%emt 0:00:00]}
46. Nc5 { [%emt 0:00:05]} Nd5 {[%emt 0:00:01]} 47. Nd3 {[%emt 0:00:04]} h5
{[%emt 0:00:02]} 48. Kd2 {[%emt 0:00:02]} f5 {[%emt 0:00:03]} 49. a4 {[%emt
0:00:02]} e5 { [%emt 0:00:01]} 50. b5 {[%emt 0:00:03]} e4 {[%emt 0:00:02]} 51.
Nc1 {[%emt 0:00:03]} h4 {[%emt 0:00:01]} 52. Ke2 {[%emt 0:00:01]} Nc3+ {[%emt
0:00:02]} 53. Kf2 {[%emt 0:00:02]} Nxa4 {[%emt 0:00:00]} 54. Ne2 {[%emt
0:00:01]} Nc5 { [%emt 0:00:03]} 55. Nd4 {[%emt 0:00:02]} Ke5 {[%emt 0:00:02]}
56. Nc6+ { [%emt 0:00:01]} Kd5 {[%emt 0:00:01]} 57. Ne7+ {[%emt 0:00:02]} Ke6
{[%emt 0:00:01]} 58. Ng6 {[%emt 0:00:01]} h3 {[%emt 0:00:01]} 59. Kg3 {[%emt
0:00:00]} e3 { [%emt 0:00:01]} 60. Kxh3 {[%emt 0:00:02]} e2 {[%emt 0:00:01]}
61. Nf4+ { [%emt 0:00:01]} Ke5 {[%emt 0:00:02]} 62. Nxe2 {[%emt 0:00:01]} Ke4
{[%emt 0:00:06] Barnim1-001 offers a draw} 63. Kg3 {[%emt 0:00:07]} Ke5 {[%emt
0:00:05]} 64. Kf3 {[%emt 0:00:04]} Ne6 {[%emt 0:00:09]} 65. b6 {[%emt 0:00:03]}
Kd6 { [%emt 0:00:03]} 66. Nf4 {[%emt 0:00:02]} Nxf4 {[%emt 0:00:04]} 67. Kxf4 {
[%emt 0:00:00]} Kc6 {[%emt 0:00:01]} 68. Kxf5 {[%emt 0:00:00]} Kxb6 {[%emt
0:00:01]} 1/2-1/2

[Event "DSJ Weihnachtsturnier U20 2020"]
[Site "https://play.chessbase.com/en/play?room=DSJWeihnachtU20"]
[Date "2020.12.29"]
[Round "1"]
[White "Schulz, Maximilian"]
[Black "Bashylina, Luisa"]
[Result "0-1"]
[Termination "normal"]
[Board "11.2"]
[BlackTitle "WCM"]
[WhiteElo "1629"]
[BlackElo "1978"]
[WhiteTeam "Barnimer Schachfreunde im SV Stahl Finow"]
[BlackTeam "Schachgesellschaft Solingen"]
[PlyCount "48"]
[WhiteFideId "16221397"]
[BlackFideId "12983292"]
[EventRounds "7"]
[EventType "team-swiss"]
[EventDate "2020.12.29"]

1. e4 {[%emt 0:00:05]} c5 {[%emt 0:00:01]} 2. Nf3 {[%emt 0:00:02]} a6 {[%emt
0:00:02]} 3. d4 {[%emt 0:00:06]} cxd4 {[%emt 0:00:01]} 4. Nxd4 {[%emt 0:00:02]}
Nf6 {[%emt 0:00:01]} 5. Nc3 {[%emt 0:00:04]} e5 {[%emt 0:00:01]} 6. Nf3 { [%emt
0:00:22]} Bb4 {[%emt 0:00:02]} 7. Bd3 {[%emt 0:00:14]} d5 {[%emt 0:00:03] } 8.
exd5 {[%emt 0:00:04]} e4 {[%emt 0:00:09]} 9. Qe2 {[%emt 0:00:23]} Bxc3+ { [%emt
0:00:08]} 10. bxc3 {[%emt 0:00:02]} O-O {[%emt 0:00:01]} 11. O-O { [%emt
0:02:10]} exd3 {[%emt 0:00:27]} 12. cxd3 {[%emt 0:00:07]} Re8 {[%emt 0:00:12]}
13. Qb2 {[%emt 0:00:34]} Qxd5 {[%emt 0:00:06]} 14. d4 {[%emt 0:00:09]} Nc6
{[%emt 0:00:03]} 15. Bf4 {[%emt 0:00:09]} Bf5 {[%emt 0:00:03]} 16. Qxb7 { [%emt
0:00:54]} Nxd4 {[%emt 0:00:45]} 17. Qxd5 {[%emt 0:00:20]} Ne2+ {[%emt 0:00:04]}
18. Kh1 {[%emt 0:00:06]} Nxd5 {[%emt 0:00:02]} 19. Bg3 {[%emt 0:00:17]} Nxg3+
{[%emt 0:00:04]} 20. fxg3 {[%emt 0:00:32]} Nxc3 {[%emt 0:00:02]} 21. Nd4 {[%emt
0:00:08]} Bg6 {[%emt 0:00:11]} 22. a3 {[%emt 0:00:24]} Rad8 {[%emt 0:00:07]}
23. Nf3 {[%emt 0:00:09]} h6 {[%emt 0:00:06]} 24. Rac1 {[%emt 0:00:11]} Re3
{[%emt 0:00:29]} 0-1

[Event "DSJ Weihnachtsturnier U20 2020"]
[Site "https://play.chessbase.com/en/play?room=DSJWeihnachtU20"]
[Date "2020.12.29"]
[Round "1"]
[White "Müdder, Melanie"]
[Black "Hamm, Oliver"]
[Result "1-0"]
[Termination "time forfeit"]
[Board "11.3"]
[WhiteElo "1950"]
[BlackElo "1548"]
[WhiteTeam "Schachgesellschaft Solingen"]
[BlackTeam "Barnimer Schachfreunde im SV Stahl Finow"]
[PlyCount "53"]
[WhiteFideId "12994103"]
[BlackFideId "12999016"]
[EventRounds "7"]
[EventType "team-swiss"]
[EventDate "2020.12.29"]

1. e4 {[%emt 0:00:26]} Nf6 {[%emt 0:00:09]} 2. Nc3 {[%emt 0:00:09]} d5 { [%emt
0:00:22]} 3. e5 {[%emt 0:00:07]} Nfd7 {[%emt 0:00:10]} 4. d4 {[%emt 0:00:12]}
e6 {[%emt 0:00:07]} 5. f4 {[%emt 0:00:13]} c5 {[%emt 0:00:07]} 6. Nf3 { [%emt
0:00:09]} Nc6 {[%emt 0:00:15]} 7. Be3 {[%emt 0:00:09]} Qb6 {[%emt 0:00:18]} 8.
Na4 {[%emt 0:00:37]} Qa5+ {[%emt 0:00:22]} 9. c3 {[%emt 0:00:03]} cxd4 {[%emt
0:00:26]} 10. b4 {[%emt 0:00:10]} Nxb4 {[%emt 0:01:48]} 11. cxb4 { [%emt
0:00:08]} Bxb4+ {[%emt 0:00:18]} 12. Bd2 {[%emt 0:00:04]} Bxd2+ {[%emt
0:00:37]} 13. Nxd2 {[%emt 0:00:04]} O-O {[%emt 0:00:34]} 14. Bd3 {[%emt
0:00:08]} b6 {[%emt 0:00:38]} 15. O-O {[%emt 0:00:09]} Bb7 {[%emt 0:00:10]} 16.
Nf3 { [%emt 0:00:13]} Nc5 {[%emt 0:00:45]} 17. Bxh7+ {[%emt 0:01:04]} Kh8
{[%emt 0:00:36]} 18. Ng5 {[%emt 0:00:06]} g6 {[%emt 0:00:42]} 19. Qg4 {[%emt
0:00:27]} Kg7 {[%emt 0:00:45]} 20. Bxg6 {[%emt 0:00:22]} fxg6 {[%emt 0:00:56]}
21. Nxc5 { [%emt 0:00:04]} bxc5 {[%emt 0:00:02]} 22. Nxe6+ {[%emt 0:00:04]} Kf7
{[%emt 0:00:07]} 23. Nxf8 {[%emt 0:00:10]} Kxf8 {[%emt 0:00:08]} 24. f5 {[%emt
0:00:20]} g5 {[%emt 0:00:25]} 25. Qxg5 {[%emt 0:00:04]} Qc7 {[%emt 0:00:03]}
26. e6 { [%emt 0:00:08]} Qe7 {[%emt 0:00:03]} 27. f6 {[%emt 0:00:09] TimeB} 1-0

[Event "DSJ Weihnachtsturnier U20 2020"]
[Site "https://play.chessbase.com/en/play?room=DSJWeihnachtU20"]
[Date "2020.12.29"]
[Round "1"]
[White "Conrad, Max"]
[Black "Sereda, Yaroslava"]
[Result "0-1"]
[Termination "time forfeit"]
[Board "11.4"]
[WhiteElo "1306"]
[BlackElo "1750"]
[WhiteTeam "Barnimer Schachfreunde im SV Stahl Finow"]
[BlackTeam "Schachgesellschaft Solingen"]
[PlyCount "94"]
[WhiteFideId "16265572"]
[BlackFideId "14178940"]
[EventRounds "7"]
[EventType "team-swiss"]
[EventDate "2020.12.29"]

1. d4 {[%emt 0:00:11]} Nf6 {[%emt 0:00:04]} 2. Bf4 {[%emt 0:00:04]} g6 { [%emt
0:00:05]} 3. Nc3 {[%emt 0:00:03]} d5 {[%emt 0:00:02]} 4. e3 {[%emt 0:00:05]}
Bg7 {[%emt 0:00:02]} 5. Nf3 {[%emt 0:00:34]} O-O {[%emt 0:00:13]} 6. Be2 {
[%emt 0:01:07]} Nbd7 {[%emt 0:02:02]} 7. Ne5 {[%emt 0:00:16]} c5 {[%emt
0:01:34]} 8. Qd2 {[%emt 0:01:19]} b6 {[%emt 0:00:28]} 9. h4 {[%emt 0:00:06]}
Nxe5 { [%emt 0:00:31]} 10. Bxe5 {[%emt 0:00:06]} cxd4 {[%emt 0:00:14]} 11. Qxd4
{ [%emt 0:00:25]} Bb7 {[%emt 0:00:28]} 12. O-O-O {[%emt 0:00:09]} e6 {[%emt
0:01:39]} 13. h5 {[%emt 0:00:06]} Ne8 {[%emt 0:00:21]} 14. hxg6 {[%emt
0:00:53]} hxg6 {[%emt 0:00:20]} 15. Bxg7 {[%emt 0:00:41]} Nxg7 {[%emt 0:00:04]}
16. Rh2 { [%emt 0:00:38]} f5 {[%emt 0:00:42]} 17. Rdh1 {[%emt 0:00:13]} Kf7
{[%emt 0:00:06]} 18. Rh7 {[%emt 0:00:10]} Qf6 {[%emt 0:00:05]} 19. Qf4 {[%emt
0:01:30]} Rg8 {[%emt 0:00:22]} 20. Qc7+ {[%emt 0:00:31]} Qe7 {[%emt 0:00:03]}
21. Qf4 { [%emt 0:00:30]} Rac8 {[%emt 0:00:15]} 22. Bg4 {[%emt 0:00:15]} Qf6
{[%emt 0:00:11]} 23. Be2 {[%emt 0:00:07]} e5 {[%emt 0:00:07]} 24. Qb4 {[%emt
0:00:09]} a5 { [%emt 0:00:06]} 25. Qb3 {[%emt 0:00:22]} Qe6 {[%emt 0:00:13]}
26. f3 {[%emt 0:00:10]} d4 {[%emt 0:00:16]} 27. Qxe6+ {[%emt 0:00:05]} Kxe6
{[%emt 0:00:02]} 28. exd4 {[%emt 0:00:01]} exd4 {[%emt 0:00:02]} 29. Nb5 {[%emt
0:00:05]} Kd5 { [%emt 0:00:14]} 30. b3 {[%emt 0:00:03]} Ba6 {[%emt 0:00:03]}
31. Bc4+ {[%emt 0:00:03]} Ke5 {[%emt 0:00:03]} 32. Bxg8 {[%emt 0:00:03]} Rxg8
{[%emt 0:00:02]} 33. Nc7 {[%emt 0:00:04]} Bb7 {[%emt 0:00:02]} 34. Nb5 {[%emt
0:00:02]} Bc6 { [%emt 0:00:01]} 35. Nc7 {[%emt 0:00:01]} Kd6 {[%emt 0:00:02]}
36. Nb5+ { [%emt 0:00:02]} Bxb5 {[%emt 0:00:02]} 37. Rh8 {[%emt 0:00:02]} Rxh8
{[%emt 0:00:02]} 38. Rxh8 {[%emt 0:00:01]} Ne6 {[%emt 0:00:01]} 39. Rh6 {[%emt
0:00:02]} Nf8 {[%emt 0:00:02]} 40. g3 {[%emt 0:00:02]} Bc6 {[%emt 0:00:02]} 41.
f4 { [%emt 0:00:03]} Be4 {[%emt 0:00:01]} 42. Kd2 {[%emt 0:00:03]} Kc5 {[%emt
0:00:01]} 43. Rh8 {[%emt 0:00:03]} Ne6 {[%emt 0:00:02]} 44. Rc8+ {[%emt
0:00:02]} Kb4 {[%emt 0:00:02]} 45. Rb8 {[%emt 0:00:03]} b5 {[%emt 0:00:01]} 46.
Rg8 { [%emt 0:00:03]} Nc5 {[%emt 0:00:05]} 47. Rxg6 {[%emt 0:00:01]} a4 {[%emt
0:00:01] TimeW} 0-1

[Event "DSJ Weihnachtsturnier U20 2020"]
[Site "https://play.chessbase.com/en/play?room=DSJWeihnachtU20"]
[Date "2020.12.29"]
[Round "1"]
[White "Mark, Philipp"]
[Black "Ortmeier, Leonhard"]
[Result "1/2-1/2"]
[Termination "normal"]
[Board "12.1"]
[BlackTitle "FM"]
[WhiteElo "1702"]
[BlackElo "2290"]
[WhiteTeam "SC Windischeschenbach"]
[BlackTeam "Schachklub Münster 32"]
[PlyCount "88"]
[WhiteFideId "16260929"]
[BlackFideId "12993662"]
[EventRounds "7"]
[EventType "team-swiss"]
[EventDate "2020.12.29"]

1. d4 {[%emt 0:00:03]} Nf6 {[%emt 0:00:03]} 2. c4 {[%emt 0:00:01]} e6 {[%emt
0:00:01]} 3. Nc3 {[%emt 0:00:01]} Bb4 {[%emt 0:00:01]} 4. e3 {[%emt 0:00:01]}
O-O {[%emt 0:00:05]} 5. Nge2 {[%emt 0:00:01]} Re8 {[%emt 0:00:01]} 6. a3 {[%emt
0:00:01]} Bf8 {[%emt 0:00:01]} 7. Nf4 {[%emt 0:00:32]} d6 {[%emt 0:00:17]} 8.
Bd3 {[%emt 0:00:04]} e5 {[%emt 0:00:10]} 9. dxe5 {[%emt 0:00:54]} dxe5 {[%emt
0:00:02]} 10. Nfd5 {[%emt 0:00:01]} Nbd7 {[%emt 0:00:58]} 11. e4 {[%emt
0:02:50]} h6 {[%emt 0:00:12]} 12. O-O {[%emt 0:00:03]} c6 {[%emt 0:00:03]} 13.
Nxf6+ { [%emt 0:00:23]} Nxf6 {[%emt 0:00:12]} 14. Qc2 {[%emt 0:00:49]} Bc5
{[%emt 0:00:28]} 15. b4 {[%emt 0:00:30]} Bd4 {[%emt 0:00:07]} 16. Rb1 {[%emt
0:00:01]} a5 { [%emt 0:00:40]} 17. Ne2 {[%emt 0:00:21]} Bb6 {[%emt 0:01:00]}
18. c5 {[%emt 0:00:08]} Bc7 {[%emt 0:00:04]} 19. Bc4 {[%emt 0:00:18]} Qe7
{[%emt 0:00:09]} 20. f3 {[%emt 0:00:24]} Be6 {[%emt 0:00:28]} 21. Be3 {[%emt
0:00:10]} Nd7 {[%emt 0:00:18]} 22. Rfd1 {[%emt 0:00:20]} axb4 {[%emt 0:00:04]}
23. axb4 {[%emt 0:00:02]} Ra3 {[%emt 0:00:14]} 24. Rb3 {[%emt 0:00:30]} Rea8
{[%emt 0:00:14]} 25. Rxa3 {[%emt 0:00:02]} Rxa3 {[%emt 0:00:02]} 26. Kf2 {[%emt
0:00:01]} Nf8 { [%emt 0:01:27]} 27. g3 {[%emt 0:00:16]} Qe8 {[%emt 0:00:41]}
28. Rd3 {[%emt 0:00:10]} Qa8 {[%emt 0:00:09]} 29. Rxa3 {[%emt 0:00:29]} Qxa3
{[%emt 0:00:02]} 30. Bxe6 {[%emt 0:00:01]} Nxe6 {[%emt 0:00:02]} 31. Qc3 {[%emt
0:00:01]} Qxc3 { [%emt 0:00:54]} 32. Nxc3 {[%emt 0:00:00]} Kf8 {[%emt 0:00:04]}
33. b5 {[%emt 0:00:11]} cxb5 {[%emt 0:00:09]} 34. Nxb5 {[%emt 0:00:00]} Bb8
{[%emt 0:00:01]} 35. Ke2 {[%emt 0:00:09]} Ke7 {[%emt 0:00:01]} 36. Kd3 {[%emt
0:00:01]} Kd7 { [%emt 0:00:01]} 37. Kc4 {[%emt 0:00:03]} Kc6 {[%emt 0:00:01]}
38. Nc3 {[%emt 0:00:13]} Ba7 {[%emt 0:00:13]} 39. Na4 {[%emt 0:00:06]} h5
{[%emt 0:00:11]} 40. h4 {[%emt 0:00:03]} g6 {[%emt 0:00:01]} 41. Bf2 {[%emt
0:00:03]} Bb8 {[%emt 0:00:02]} 42. Be3 {[%emt 0:00:02]} Bc7 {[%emt 0:00:01]}
43. Nc3 {[%emt 0:00:05] Windisch001 offers a draw} Bb8 {[%emt 0:00:14]} 44. Nb5
{[%emt 0:00:03]} Nc7 { [%emt 0:00:08]} 1/2-1/2

[Event "DSJ Weihnachtsturnier U20 2020"]
[Site "https://play.chessbase.com/en/play?room=DSJWeihnachtU20"]
[Date "2020.12.29"]
[Round "1"]
[White "Kamp, Adrian"]
[Black "Denz, Johannes"]
[Result "1-0"]
[Termination "normal"]
[Board "12.2"]
[WhiteElo "1982"]
[BlackElo "1402"]
[WhiteTeam "Schachklub Münster 32"]
[BlackTeam "SC Windischeschenbach"]
[PlyCount "97"]
[WhiteFideId "16222466"]
[BlackFideId "34627324"]
[EventRounds "7"]
[EventType "team-swiss"]
[EventDate "2020.12.29"]

1. e4 {[%emt 0:00:03]} e5 {[%emt 0:00:02]} 2. d4 {[%emt 0:00:02]} exd4 { [%emt
0:00:02]} 3. Nf3 {[%emt 0:00:01]} Nc6 {[%emt 0:00:01]} 4. Bc4 {[%emt 0:00:02]}
Bb4+ {[%emt 0:00:02]} 5. c3 {[%emt 0:00:01]} dxc3 {[%emt 0:00:00]} 6. bxc3
{[%emt 0:00:01]} Ba5 {[%emt 0:00:00]} 7. O-O {[%emt 0:00:03]} Nf6 { [%emt
0:00:03]} 8. e5 {[%emt 0:00:04]} d5 {[%emt 0:00:01]} 9. exf6 {[%emt 0:00:22]}
dxc4 {[%emt 0:00:15]} 10. Qxd8+ {[%emt 0:00:16]} Nxd8 {[%emt 0:00:02]} 11. fxg7
{[%emt 0:00:02]} Rg8 {[%emt 0:00:01]} 12. Bh6 {[%emt 0:00:57]} Ne6 { [%emt
0:00:07]} 13. Re1 {[%emt 0:00:04]} Bd7 {[%emt 0:00:02]} 14. Ne5 {[%emt
0:00:08]} O-O-O {[%emt 0:00:39]} 15. Nxc4 {[%emt 0:00:18]} Bb6 {[%emt 0:00:11]}
16. Nbd2 {[%emt 0:00:16]} Nxg7 {[%emt 0:00:21]} 17. Bxg7 {[%emt 0:00:00]} Rxg7
{[%emt 0:00:01]} 18. Nxb6+ {[%emt 0:00:11]} axb6 {[%emt 0:00:08]} 19. Ne4 {
[%emt 0:00:09]} Bc6 {[%emt 0:00:05]} 20. g3 {[%emt 0:00:41]} f5 {[%emt 0:00:25]
} 21. Nf6 {[%emt 0:00:11]} Rf7 {[%emt 0:00:41]} 22. Nh5 {[%emt 0:00:08]} Bf3 {
[%emt 0:00:23]} 23. Nf4 {[%emt 0:00:07]} Rfd7 {[%emt 0:00:04]} 24. Ng2 { [%emt
0:01:23]} Rd3 {[%emt 0:00:31]} 25. Re3 {[%emt 0:00:27]} Rd1+ {[%emt 0:00:14]}
26. Rxd1 {[%emt 0:00:03]} Rxd1+ {[%emt 0:00:00]} 27. Re1 {[%emt 0:00:01]} Rxe1+
{[%emt 0:00:02]} 28. Nxe1 {[%emt 0:00:02]} Bd5 {[%emt 0:00:01]} 29. a3 { [%emt
0:00:02]} b5 {[%emt 0:00:02]} 30. Nc2 {[%emt 0:00:03]} c5 {[%emt 0:00:07] } 31.
Kf1 {[%emt 0:00:05]} Kc7 {[%emt 0:00:02]} 32. Ke2 {[%emt 0:00:01]} Kb6 { [%emt
0:00:04]} 33. h3 {[%emt 0:00:17]} Ka5 {[%emt 0:00:03]} 34. g4 {[%emt 0:00:05]}
Be6 {[%emt 0:00:09]} 35. g5 {[%emt 0:00:18]} Ka4 {[%emt 0:00:03]} 36. h4 {[%emt
0:00:08]} Bf7 {[%emt 0:00:01]} 37. Kd2 {[%emt 0:00:06]} Kb3 {[%emt 0:00:08]}
38. f4 {[%emt 0:00:32]} Kc4 {[%emt 0:00:17]} 39. Ne3+ {[%emt 0:00:05]} Kb3
{[%emt 0:00:01]} 40. Nxf5 {[%emt 0:00:18]} Kxa3 {[%emt 0:00:01]} 41. Nd6 {
[%emt 0:00:01]} b4 {[%emt 0:00:52]} 42. cxb4 {[%emt 0:00:06]} cxb4 {[%emt
0:00:00]} 43. Nxf7 {[%emt 0:00:18]} b3 {[%emt 0:00:04]} 44. Ne5 {[%emt
0:00:02]} b5 {[%emt 0:00:15]} 45. Nd3 {[%emt 0:00:09]} b2 {[%emt 0:00:03]} 46.
Kc2 {[%emt 0:00:04]} b4 {[%emt 0:00:09]} 47. Nxb2 {[%emt 0:00:02]} b3+ {[%emt
0:00:01]} 48. Kc3 {[%emt 0:00:03]} Ka2 {[%emt 0:00:02]} 49. f5 {[%emt 0:00:02]}
1-0